| 000 | 00000nam 2200000za 4500 |
| 001 | 9.576387 |
| 003 | CaOODSP |
| 005 | 20210624185120 |
| 007 | cr ||||||||||| |
| 008 | 150406|1988||||xxc|||||o f|0| 0 eng d |
| 040 | |aCaOODSP|beng |
| 043 | |an-cn--- |
| 086 | 1 |aJS74-3/1-1988E-PDF |
| 245 | 00|aSuspensions |h[electronic resource] : |ba balanced view. |
| 260 | |aOttawa : |bRoyal Canadian Mounted Police External Review Committee |cc1988. |
| 300 | |a33 p. |
| 490 | 1 |aDiscussion paper series ; |v1 |
| 500 | |aIncorrect Cat. No. (JS 74-3/1-1) and (ISBN 0-662-56088-4) printed on this publication. |
| 590 | |a13-10-Supp|b2013-04-13 |
| 710 | 1 |aCanada. |bRoyal Canadian Mounted Police External Review Committee. |
| 775 | 08|tLes suspensions |w(CaOODSP)9.605600 |
| 830 | #0|aDiscussion paper series (Royal Canadian Mounted Police External Review Committee)|v1|w(CaOODSP)9.507473 |
| 856 | 40|ahttp://publications.gc.ca|qPDF|s72 KB|uhttps://publications.gc.ca/collections/collection_2013/cee-erc/JS74-3-1-1988-eng.pdf|y1 |